| 000 | 00402pab a2200145 454500 | ||
|---|---|---|---|
| 008 | 180718b1987 xxu||||| |||| 00| 0 eng d | ||
| 100 | _aThakur, D.S. | ||
| 245 |
_aA survey and rural unemployment in India _bA critiane of unidimensional approach |
||
| 260 | _c1987 | ||
| 300 | _a120-35 | ||
| 362 | _aJul.-Sept. | ||
| 650 | _aUnemployment - India | ||
| 773 | _aIndian Economic Journal | ||
| 909 | _a20006 | ||
| 999 |
_c20006 _d20006 |
||